[Event "AUT-ch U10"]
[Site "Linz"]
[Date "2013.05.31"]
[Round "1"]
[White "Hadler, Johannes"]
[Black "Schennach, Nikolaus"]
[Result "0-1"]
[WhiteElo "1327"]
[BlackElo "1186"]
[PlyCount "62"]
[EventDate "2013.05.31"]
[EventType "swiss"]
[EventRounds "7"]
[EventCountry "AUT"]
[SourceTitle "EXT 2015"]
[Source "ChessBase"]
[SourceDate "2014.11.20"]
[SourceVersion "1"]
[SourceVersionDate "2014.11.20"]
[SourceQuality "1"]

1. e4 e5 2. Nf3 Nc6 3. Bc4 Bc5 4. d3 Nf6 5. Nc3 d6 6. Be3 Bxe3 7. fxe3 Bg4 8. h3 Bh5 9. g4 Bg6 10. Qe2 0-0 11. h4 Nxg4 12. h5 Bxh5 13. Rxh5 Nf6 14. Rh1 Na5 15. Bb3 c5 16. Qh2 Rc8 17. Bd5 c4 18. d4 b5 19. Nxb5 Qb6 20. a4 a6 21. b4 axb5 22. bxa5 Qxa5+ 23. Ke2 Qc3 24. dxe5 Qxc2+ 25. Kf1 Qd3+ 26. Kf2 Ng4+ 27. Kg3 Nxh2 28. Rxh2 c3 29. Rhh1 h6 30. Ng5 Qxe3+ 31. Nf3 c2 0-1